Biblioteca

Historia del cristianismo (Registro nro. 43826)

Detalles MARC
000 -LÍDER
Campo fijo de descripción fija 01575nam a2200337 4500
001 - NÚMERO DE CONTROL
Campo de control 768714001
003 - IDENTIFICADOR DEL NÚMERO DE CONTROL
Campo de control CO-MdFUSB
005 - FECHA Y HORA DE LA ULTIMA TRANSACCIÓN
control field 20240926162417.0
007 - CAMPO FIJO DE DESCRIPCIÓN FIJA--INFORMACIÓN GENERAL
Campo fijo de descripción fija ta
008 - ELEMENTOS DE LONGITUD FIJA -- INFORMACIÓN GENERAL
Campo fijo de descripción fija -- Información general 240918t2008 ag ab||| |||| 00| 0 eng d
020 ## - NÚMERO INTERNACIONAL NORMALIZADO PARA LIBROS
Número Internacional Normalizado del libro 987-987-22449-7-2
040 ## - FUENTE DE CATALOGACIÓN
Idioma de catalogación spa
Agencia que realiza la transcripción CO-MdFUSB
Agencia que realiza la modificación CO-MdFUSB
041 0# - CÓDIGO DE IDIOMA
Código de idioma para texto/pista de sonido o título separado spa
082 04 - NÚMERO DE CLASIFICACIÓN DECIMAL DEWEY
Número de la edición del Dewey 23
Número de clasificación G 270.09
Clave de autor-Numero de item D324
100 1# - ASIENTO PRINCIPAL--NOMBRE PERSONAL
Nombre personal Deiros, Pablo A. (Alberto) (1945-)
Término relacionador autor
245 10 - TÍTULO
Título del Material Historia del cristianismo
Mención de responsabilidad, etc. / Pablo A. Deiros
264 #1 - PRODUCCIÓN, PUBLICACIÓN, DISTRIBUCIÓN, MANUFACTURA, Y COPYRIGHT
Lugar de producción, publicación, distribución, manufactura Buenos Aires, Argentina :
Nombre del productor, publicador, distribuidor Del Centro
Fecha de producción, publicación, distribución, manufactura, o copyright 2008
264 #4 - PRODUCCIÓN, PUBLICACIÓN, DISTRIBUCIÓN, MANUFACTURA, Y COPYRIGHT
Fecha de producción, publicación, distribución, manufactura, o copyright ©2008
300 ## - DESCRIPCIÓN FÍSICA
Extensión 350 páginas
Dimensiones ; 21 cm
336 ## - TIPO DE CONTENIDO
Término de tipo de contenido texto
Código de tipo de contenido txt
Fuente rdacontent
337 ## - TIPO DE MEDIO
Fuente rdamedia
Nombre del tipo de medio sin mediación
Código del tipo de medio n
338 ## - TIPO DE SOPORTE
Fuente rdacarrier
Nombre del tipo de soporte volumen
Código Tipo de soporte nc
490 ## - MENCIÓN DE SERIE
Mención de serie Formación ministerial
500 ## - NOTA GENERAL
Nota General Incluye índice ; lista de mapas y cuadros
505 ## - NOTA DE CONTENIDO
Nota de contenido con formato preestablecido Tomo I: Los primeros 500 años. -- El cristianismo en el Imperio Romano. -- El cristianismo más allá del Imperio Romano. -- El cristianismo en el Imperio bizantino. -- Los problemas del cristianismo primitivo.<br/><br/>Tomo II: Los mil años de incertidumbre (500-1500). -- Retroceso y recuperación (500-950). -- Resurgimiento y progreso (950-1350). -- Decadencia y vitalidad (1350-1500). -- Los problemas de cristiandad medieval.<br/><br/>Tomo III: Las reformas de la iglesia (1500-1750). -- La Reforma protestante. -- La Reforma católica. -- Las reformas de los siglos XVII y XVIII. -- Los problemas del cristianismo.
563 ## - NOTA DE ENCUADERNACIÓN
Nota de encuadernación Rústica
650 #7 - ASIENTO SECUNDARIO DE MATERIA - TERMINO TEMÁTICO
Término temático o nombre geográfico como elemento de entrada Iglesia
Subdivisión general Historia
9 (RLIN) 56
650 #7 - ASIENTO SECUNDARIO DE MATERIA - TERMINO TEMÁTICO
Término temático o nombre geográfico como elemento de entrada Cristianismo
9 (RLIN) 22
942 ## - TIPO DE MATERIAL (KOHA)
Tipo de Item KOHA Libros General
945 ## - INFORMACIÓN LOCAL DEL REGISTRO
Catalogador Catherine Arias Alvarez
Existencias
Estado de Material Estado de Perdido Forma de Clasificación Estado de Dañado No para Préstamo Colección Tomo Biblioteca de Origen Biblioteca Permanente Fecha de Adquisición Área Total de Préstamos Total de Renovaciones Signatura Topográfica Código de Barras Última vez visto Última vez Préstado Ejemplar/Existencia Fecha de Remplazo Tipo de Material
    Dewey Decimal Classification     Colección General 1 Biblioteca FUSBC Biblioteca FUSBC 20/09/2010 HISTORIA DEL CRISTIANISMO 10 2 G 270.09 D324h 17190 12/12/2019 10/11/2018 t. 1, ej. 1 26/01/2016 Libros General
    Dewey Decimal Classification     Colección General 3 Biblioteca FUSBC Biblioteca FUSBC 24/09/2024 HISTORIA DEL CRISTIANISMO 13 2 G 270.09 D324h 17192 02/03/2024 23/02/2024 t. 3, ej. 1 26/01/2016 Libros General
    Dewey Decimal Classification     Colección General 2 Biblioteca FUSBC Biblioteca FUSBC 20/09/2010 HISTORIA DEL CRISTIANISMO 9 3 G 270.09 D324h 17191 01/03/2024 23/02/2024 t. 2, ej. 1 26/01/2016 Libros General
    Dewey Decimal Classification     Colección General 3 Biblioteca FUSBC Biblioteca FUSBC 20/09/2010 HISTORIA DEL CRISTIANISMO 2 1 G 270.09 D324h 25026 18/03/2026 13/03/2026 t. 3, ej. 2 26/01/2016 Libros General
    Dewey Decimal Classification     Colección General   Biblioteca FUSBC Biblioteca FUSBC 24/09/2024 HISTORIA DEL CRISTIANISMO 1   G 270.09 D324h 25028 18/03/2026 13/03/2026 t. 1, ej. 2 26/01/2016 Libros General
    Dewey Decimal Classification     Colección General 2 Biblioteca FUSBC Biblioteca FUSBC 24/09/2024 HISTORIA DEL CRISTIANISMO     G 270.09 D324h 25425 24/09/2024   t. 2, ej. 2 26/01/2016 Libros General

Biblioteca FUSBC | Teléfono: (57+4) 349 88 10 Ext. 141| WhatsApp (+57) 3005338115 
E-mail: biblioteca@unisbc.edu.co | Calle 76 87-14 Robledo Palenque, Medellín, Colombia

Con tecnología Koha